|
|
|
|
| LEADER |
00000nam0a2200000 4500 |
| 001 |
288579 |
| 005 |
20231102000113.0 |
| 035 |
|
|
|a (RuTPU)RU\TPU\book\313058
|
| 090 |
|
|
|a 288579
|
| 100 |
|
|
|a 20150325d1985 k y0rusy50 ca
|
| 101 |
0 |
|
|a rus
|
| 102 |
|
|
|a RU
|
| 105 |
|
|
|a a z 000zy
|
| 200 |
1 |
|
|a Электрическая централизация маневровых районов станций
|f Ю. А. Однопозов, И. А. Хилькевич
|
| 210 |
|
|
|a Москва
|c Транспорт
|d 1985
|
| 215 |
|
|
|a 112 с.
|c ил.
|
| 606 |
|
|
|a Железнодорожная централизация электрическая
|x Проектирование
|2 stltpush
|3 (RuTPU)RU\TPU\subj\10398
|9 37478
|
| 610 |
1 |
|
|a маневровая работа
|
| 610 |
1 |
|
|a маневровые районы
|
| 610 |
1 |
|
|a устройства
|
| 610 |
1 |
|
|a электрические схемы
|
| 610 |
1 |
|
|a табло
|
| 610 |
1 |
|
|a оборудование
|
| 610 |
1 |
|
|a работа
|
| 610 |
1 |
|
|a служебно-технические задания
|
| 610 |
1 |
|
|a экономическая эффективность
|
| 675 |
|
|
|a 656.257
|v 3
|
| 700 |
|
1 |
|a Однопозов
|b Ю. А.
|g Юрий Абрамович
|
| 701 |
|
1 |
|a Хилькевич
|b И. А.
|g Илья Александрович
|
| 801 |
|
1 |
|a RU
|b 63413507
|c 20150325
|
| 801 |
|
2 |
|a RU
|b 63413507
|c 20180213
|g RCR
|
| 942 |
|
|
|c BK
|